| 000 | 00844nam a2200229 i 4500 | ||
|---|---|---|---|
| 001 | 11541 | ||
| 003 | ES-MaACL | ||
| 005 | 20230906150125.0 | ||
| 007 | t| | ||
| 008 | 921127s1991 sp |||| |bspa d | ||
| 020 | _a84-87319-58-0 | ||
| 080 | _a929 Torres Mena, José | ||
| 100 | 1 |
_aSalas Parrilla, Miguel. _9101771 |
|
| 245 | 1 | 0 |
_aBiografía de Don José Torres Mena / _cescrita por Miguel Salas Parrilla. |
| 260 |
_aCuenca : _bDiputación Provincial, _c1991. |
||
| 300 |
_a65 p. ; _c21 cm. |
||
| 505 | 8 |
_aContiene: la reed. de la obra publicada en 1854 ; _tLos dogmas de la revolución / _rde José Torres Mena |
|
| 600 | 1 | 4 |
_aTorres Mena, José. _9133327 |
| 710 | 1 |
_aCuenca (Provincia). _bDiputación Provincial. _93346 |
|
| 740 | 4 | 2 | _aLos dogmas de la revolución. |
| 852 |
_aES-MaACL _jL-18858 _z. - Dedicatoria autógrafa del autor |
||
| 999 |
_c11541 _d11541 |
||